000 00794nam a2200241 a 4500
001 65037
003 BD-RjUL
005 20211209081400.0
008 170226s1966 nyuabj b 000 0 eng
035 _a(BD-RjUL)65167
040 _aBD-RjUL
_cBD-RjUL
_dBD-RjUL
_beng
041 _aeng
082 0 0 _a962
_223
_bHOE 1966
100 1 _aHolt, P. M.
_q(Peter Malcolm)
_9192743
245 1 0 _aEgypt and the Fertile Crescent, 1516-1922 :
_ba political history /
_c P. M. Holt.
260 _aIthaca, N.Y. :
_bCornell University Press,
_c1966.
300 _axii, 337 p.
_bill. ;
_c23 cm.
504 _aIncludes bibliographical references.
651 0 _aTurkey
_xHistory.
_9192744
651 0 _aEgypt
_xRelations
_zMiddle East.
_9192745
651 0 _aMiddle East
_xRelations
_zEgypt.
_9192746
942 _2ddc
_cBK
999 _c65037
_d65037